00419nam a2200145Ia 4500008004100000041000900041082001800050100001800068245002800086260003100114300000800145650000800153999001700161952009500178230718s9999 xx 000 0 und d aEng. a347.91bAND-T aAndrews, Neil 4aThe Three Paths of Jusi aPakistanbCamberiagec2012 a296 aLaw c31901d31901 00104070aSIRC-LbSIRC-Ld2023-07-18l0o347.91 AND-Tp26852r2023-07-18w2023-07-18yBK